Aróma ako marketingový nástroj

Vplyv vône a vyvolaných emócií na správanie spotrebiteľa. Charakteristika aróma marketingu. Manipulácia prostredníctvom vôní a pachov.

Guardado en:
Detalles Bibliográficos
Autor principal: Danková, Lenka, 1993-
Otros Autores: Naščáková, Jana
Formato: Capítulo de libro
Lenguaje:eslovaco
Materias:
Etiquetas: Agregar Etiqueta
Sin Etiquetas, Sea el primero en etiquetar este registro!

MARC

LEADER 00000nla a2200000 4500
001 0240413
005 20240502073915.4
041 0 |a slo 
044 |a SK 
245 1 0 |a Aróma ako marketingový nástroj  |c Lenka Danková, Jana Naščáková 
520 |a Vplyv vône a vyvolaných emócií na správanie spotrebiteľa. Charakteristika aróma marketingu. Manipulácia prostredníctvom vôní a pachov. 
610 2 0 |a marketing 
610 2 0 |a nástroje marketingové 
610 2 0 |a správanie spotrebiteľa 
610 2 0 |a emócie 
610 2 0 |a nákup 
610 2 0 |a chémia 
100 1 |a Danková, Lenka, 1993- 
700 1 |a Naščáková, Jana